00223nam a2200085Ia 4500008004100000100001900041245002600060260004200086260000900128170620s9999 xx 000 0 und d aEdiger- Marlow 0aElementary Curriculum bNew Delhi- Discovery Publishing House c2006